Normal view MARC view

Entry Nombre personal

Number of records used in: 1

001 - NÚMERO DE CONTROL

  • campo de control: 105548

003 - IDENTIFICADOR DE NÚMERO DE CONTROL

  • campo de control: DLC

005 - FECHA Y HORA DE LA ÚLTIMA TRANSACCIÓN

  • campo de control: 20230622171612.0

008 - ELEMENTOS DE DATO DE LONGITUD-FIJA

  • campo de control de longitud fija: 890602n| acannaabn |a aaa

010 ## - NÚMERO DE CONTROL DE LA BIBLIOTECA DEL CONGRESO

  • Número de control de LC: n 89632314

035 ## - NÚMERO DE CONTROL DEL SISTEMA

  • Número de control de sistema: (OCoLC)oca02536663

040 ## - FUENTE DE CATALOGACIÓN

  • Centro catalogador/agencia de origen: DLC
  • Lengua de catalogación: eng
  • Centro/agencia transcriptor: DLC
  • Centro/agencia modificador: DLC
  • Centro/agencia modificador: OCoLC

053 #0 - NÚMERO DE CLASIFICACIÓN LC

  • Número de clasificación–único número o número inicial del rango: PQ2679.E67

100 1# - ENCABEZAMIENTO-NOMBRE DE PERSONA

  • Nombre de persona: Serguine, Jacques

400 1# - TRAZADO DE VÉASE--NOMBRE DE PERSONA

  • Subcampo de control: nnaa
  • Nombre de persona: Serguine, Jacques,
  • Títulos y otros términos asociados al nombre: Seudonimo

670 ## - FUENTE DE DATOS ENCONTRADOS

  • Cita de la fuente: nuc88-64128: His Les jeunes parques, 1983, c1970;
  • Información encontrada: (hdg. on NNFI rept.: Serguine, Jacques; usage: Jacques Serguine)

670 ## - FUENTE DE DATOS ENCONTRADOS

  • Cita de la fuente: LC data base, 6/2/89;
  • Información encontrada: (hdg.: Serguine, Jacques, pseud.)

670 ## - FUENTE DE DATOS ENCONTRADOS

  • Cita de la fuente: WWW LC auth., 22-6-2023;
  • Información encontrada: (Serguine, Jacques)

954 ## - CATALOGADOR -ALTA REGISTRO

  • Nombre del catalogador: Inmaculada Vicente Garcia